Catálogo
 En Linea

Jesús : (Registro nro. 14650)

Detalles MARC
000 -CABECERA
campo de control de longitud fija 00826nam a2200217 a 4500
001 - NÚMERO DE CONTROL
campo de control 000015078
005 - FECHA Y HORA DE LA ÚLTIMA TRANSACCIÓN
campo de control 20200929163940.0
008 - DATOS DE LONGITUD FIJA--INFORMACIÓN GENERAL
campo de control de longitud fija 091202s1972 mx 001 f spa d
040 ## - FUENTE DE LA CATALOGACIÓN
Centro catalogador/agencia de origen DO-SdBNP
Lengua de catalogación spa
Centro/agencia transcriptor BNPHU
082 ## - NÚMERO DE LA CLASIFICACIÓN DECIMAL DEWEY
Número de clasificación 892.31
Número de documento/Ítem J26j
049 ## - FONDOS LOCALES (OCLC)
Fondos de biblioteca BNGR
100 1# - ENTRADA PRINCIPAL--NOMBRE DE PERSONA
Nombre de persona Jalil Gibrán, Gibrán,
Fechas asociadas al nombre 1883-1931
9 (RLIN) 31804
245 10 - MENCIÓN DE TÍTULO
Título Jesús :
Resto del título el hijo del hombre, sus palabras y sus actos narrados por quienes lo conocieron /
Mención de responsabilidad, etc. Gibrán Jalil Gibrán, prólogo, Roberto Oropeza Martínez, prólogo del traductor, Sergio René Madero.
260 ## - PUBLICACIÓN, DISTRIBUCIÓN, ETC.
Lugar de publicación, distribución, etc. México :
Nombre del editor, distribuidor, etc. Ediciones Orion,
Fecha de publicación, distribución, etc. 1972.
300 ## - DESCRIPCIÓN FÍSICA
Extensión 303p. ;
Dimensiones 19 cm.
650 #4 - PUNTO DE ACCESO ADICIONAL DE MATERIA--TÉRMINO DE MATERIA
Término de materia o nombre geográfico como elemento de entrada Poesía siria
9 (RLIN) 34142
650 #4 - PUNTO DE ACCESO ADICIONAL DE MATERIA--TÉRMINO DE MATERIA
Término de materia o nombre geográfico como elemento de entrada Literatura siria
9 (RLIN) 34143
700 1# - PUNTO DE ACCESO ADICIONAL--NOMBRE DE PERSONA
Nombre de persona Oropeza Martínez, Roberto,
Término indicativo de función/relación pról.
9 (RLIN) 34144
700 #1 - PUNTO DE ACCESO ADICIONAL--NOMBRE DE PERSONA
Nombre de persona René Madero, Sergio,
Término indicativo de función/relación tr.
9 (RLIN) 34145
910 ## - DATOS DE OPCIÓN DEL USUARIO (OCLC)
Datos de opción del usuario Catalogación derivada
Existencias
Estado de retiro Estado de pérdida Restricciones de uso No para préstamo Código de colección Localización permanente Ubicación/localización actual Ubicación en estantería Fecha de adquisición Número de inventario Total de préstamos Signatura topográfica completa Código de barras Fecha visto por última vez Precio válido a partir de Tipo de ítem Koha
        Monografías: Libros y Folletos General General En catalogación 29.01.2010 LF1   892.31 J26j 15078-10 25.06.2020 25.06.2020 Préstamo en sala

Con tecnología Koha